| 000 | 00720nam a2200217 a 4500 | ||
|---|---|---|---|
| 001 | 1511 | ||
| 003 | CDMR | ||
| 005 | 20131204123644.0 | ||
| 008 | 130130s1981||||||||||||||||||||||||||||d | ||
| 020 | _a8425220157 | ||
| 040 |
_aCDMR _bcat _cCDMR |
||
| 100 | 1 |
_aHabermas, Jürgen _91141 |
|
| 245 | 1 | 0 |
_aHistoria y crítica de la opinión pública _b: la transformación estructural de la vida pública _cJ. Habermas ; [versión castellana de Antonio Domènech con la colaboración de Rafael Grasa] |
| 260 |
_aBarcelona _c1981 _bGustavo Gili |
||
| 300 | _a351 p. | ||
| 490 | 0 | _aGG MassMedia | |
| 650 | 0 | 4 |
_92537 _aOpinió pública |
| 650 | 0 | 4 |
_94445 _aTeoria crítica _xHistòria |
| 650 | 0 | 4 |
_9875 _aPublicitat |
| 942 |
_cMON _2udc |
||
| 999 |
_c1511 _d1511 |
||